| 000 | 00411nam a22001457a 4500 | ||
|---|---|---|---|
| 005 | 20150224121422.0 | ||
| 008 | 150224b xxu||||| |||| 00| 0 eng d | ||
| 040 | _cPK-LaUMT | ||
| 082 |
_aKHC 954.915 _bTUC-S |
||
| 100 | _aTucker, A.L.P. | ||
| 245 |
_aSir Robert G. Sandeman _bpeaceful conqueror of baluchistan _cA.L.P. Tucker |
||
| 260 |
_aLahore _bTariq Publishing House _c1979 |
||
| 300 | _a64 p. | ||
| 942 | _cBK | ||
| 999 |
_c66524 _d66524 |
||